Netherlands Euro 2021 Squad - Statistics

General Stats
  • This quiz has been taken 29 times
  • The average score is 19 of 26
Answer Stats
Position Club Player % Correct
DF Juventus Matthijs De Ligt
100%
FW Olympique Lyon Memphis Depay
100%
MF FC Barcelona Frenkie De Jong
96%
FW Sevilla FC Luuk De Jong
96%
MF Manchester United Donny Van De Beek
92%
MF Liverpool Georginio Wijnaldum
92%
DF Manchester City Nathan Ake
92%
FW VFL Wolfsburg Wout Weghorst
92%
DF Inter Milan Stefan De Vrij
88%
DF Ajax Daley Blind
79%
MF Atalanta Marten De Roon
79%
GK Norwich City Tim Krul
79%
FW Feyenoord Steven Berghuis
75%
MF Spartak Moscow Quincy Promes
71%
MF Ajax Davy Klaassen
67%
DF Brighton & Hove Albion Joel Veltman
67%
GK Ajax Maarten Stekelenburg
67%
FW PSV Eindhoven Donyell Malen
63%
DF PSV Eindhoven Denzel Dumfries
58%
DF Crystal Palace Patrick Van Aanholt
58%
FW PSV Eindhoven Cody Gakpo
54%
MF Ajax Ryan Gravenberch
50%
DF AZ Alkmaar Owen Wijndal
46%
MF AZ Alkmaar Teun Koopmeiners
46%
GK AZ Alkmaar Marco Bizot
42%
MF Ajax Jurrien Timber
38%
No matching quizzes found
Score Distribution
Percent of People with Each Score
Percentile by Number Answered
Your Score History
You have not taken this quiz